Por una tierra nueva y un cielo nuevo. Memoria de la IX Asamblea General de CELADEC /
Guardado en:
| Autores Corporativos: | , |
|---|---|
| Andre forfattere: | , , , , , , |
| Format: | Procedimiento de la Conferencia Bog |
| Sprog: | Spanish |
| Udgivet: |
San José, Costa Rica
CELADEC
1991
|
| Fag: | |
| Tags: |
Tilføj Tag
Ingen Tags, Vær først til at tagge denne postø!
|
MARC
| LEADER | 00000nam a22000007a 4500 | ||
|---|---|---|---|
| 003 | cru CIDCACS/IIS | ||
| 005 | 20171124133854.0 | ||
| 008 | 171124b1991 cr od||| |||| 00| 0 spa d | ||
| 999 | |c 40662 |d 40662 | ||
| 040 | |c cru CIDCACS/IIS | ||
| 090 | |a 00.00.00 Mxxp | ||
| 110 | 1 | |9 6107 |a Comisión Evangélica Latinoamericana de Educación Cristiana, CELADEC | |
| 111 | 1 | |9 6108 |a Asamblea General de la Comisión Evangélica Latinoamericana de Educación Cristiana, CELADEC |c Quito, Ecuador |d 1991 | |
| 245 | 1 | |a Por una tierra nueva y un cielo nuevo. |b Memoria de la IX Asamblea General de CELADEC / |c resumen de exposiciones de Raúl Vidales, Gerardo Venegas, Danilo Streck, Carmelo Alvarez, Secundino Morales, Carlos Tamez, Nancy Villarroel | |
| 260 | |a San José, Costa Rica |b CELADEC |c 1991 | ||
| 300 | |a 40 páginas | ||
| 500 | |a Colección Alforja | ||
| 650 | 4 | |9 1935 |a RECESION ECONOMICA | |
| 650 | 0 | |9 4620 |a IDENTIDAD | |
| 650 | 0 | |9 1862 |a CRISTIANISMO | |
| 650 | 1 | 0 | |9 2591 |a INFORMES DE REUNIÓN |
| 650 | 1 | 0 | |9 6109 |a ECUMENISMO |
| 651 | 1 | 0 | |9 19 |a EUROPA |
| 651 | 1 | 0 | |9 17 |a AMERICA LATINA |
| 700 | 1 | |9 6110 |a Vidales, Raúl | |
| 700 | 1 | |9 6111 |a Venegas, Gerardo | |
| 700 | 1 | |9 6112 |a Streck, Danilo | |
| 700 | 1 | |9 6113 |a Alvarez, Carmelo | |
| 700 | 1 | |9 6114 |a Morales, Secundino | |
| 700 | 1 | |9 6115 |a Tamez, Carlos | |
| 700 | 1 | |9 6116 |a Villaroel B., Nancy | |
| 942 | |2 ddc |c LI | ||
